<?xml version="1.0" encoding="UTF-8"?>
<record
    xmlns:xsi="http://www.w3.org/2001/XMLSchema-instance"
    xsi:schemaLocation="http://www.loc.gov/MARC21/slim http://www.loc.gov/standards/marcxml/schema/MARC21slim.xsd"
    xmlns="http://www.loc.gov/MARC21/slim">

  <leader>01422nam a22002897a 4500</leader>
  <controlfield tag="001">8837</controlfield>
  <controlfield tag="003">FISKH</controlfield>
  <controlfield tag="005">20251022123633.0</controlfield>
  <controlfield tag="008">251022b        cb ||||| |||| 00| 0 eng d</controlfield>
  <datafield tag="040" ind1=" " ind2=" ">
    <subfield code="a">FISKH</subfield>
    <subfield code="b">khr</subfield>
    <subfield code="c">FISKH</subfield>
    <subfield code="d">FISKH</subfield>
  </datafield>
  <datafield tag="050" ind1=" " ind2=" ">
    <subfield code="a">PZ7</subfield>
  </datafield>
  <datafield tag="082" ind1=" " ind2=" ">
    <subfield code="a">895</subfield>
  </datafield>
  <datafield tag="100" ind1=" " ind2=" ">
    <subfield code="a">Brus, Choeurn </subfield>
  </datafield>
  <datafield tag="245" ind1=" " ind2=" ">
    <subfield code="a">&#x1780;&#x17BC;&#x1793;&#x179A;&#x1798;&#x17B6;&#x179F;&#x1785;&#x1784;&#x17CB;&#x1787;&#x17B7;&#x17C7;&#x1780;&#x1784;&#x17CB; /</subfield>
    <subfield code="c">&#x17A2;&#x17D2;&#x1793;&#x1780;&#x1793;&#x17B7;&#x1796;&#x1793;&#x17D2;&#x1792;&#x1793;&#x17B7;&#x1784;&#x179C;&#x17B7;&#x1785;&#x17B7;&#x178F;&#x17D2;&#x179A;&#x1780;&#x179A; &#x1787;&#x17BF;&#x1793;&#x200B; &#x1794;&#x17D2;&#x179A;&#x17BB;&#x179F;&#x200B;</subfield>
  </datafield>
  <datafield tag="260" ind1=" " ind2=" ">
    <subfield code="a">Phnom Penh :</subfield>
    <subfield code="b">&#x1798;&#x17BC;&#x179B;&#x1793;&#x17B7;&#x1792;&#x17B8;&#x17A2;&#x17B6;&#x179F;&#x17BB;&#x17B8; ,&#x200B;</subfield>
    <subfield code="c">2020 . </subfield>
  </datafield>
  <datafield tag="300" ind1=" " ind2=" ">
    <subfield code="a">16 pages : </subfield>
    <subfield code="b">color illustrations ; </subfield>
    <subfield code="c">21 * 30 cm . </subfield>
  </datafield>
  <datafield tag="505" ind1=" " ind2=" ">
    <subfield code="a">H 
</subfield>
  </datafield>
  <datafield tag="520" ind1=" " ind2=" ">
    <subfield code="a">&#x1780;&#x17BC;&#x1793;&#x179A;&#x1798;&#x17B6;&#x179F;&#x178A;&#x179B;&#x17CB;&#x17A2;&#x17B6;&#x1799;&#x17BB;&#x178A;&#x17C2;&#x179B;&#x178F;&#x17D2;&#x179A;&#x17BC;&#x179C;&#x1785;&#x17BC;&#x179B;&#x179A;&#x17C0;&#x1793; &#x17D4;&#x200B; &#x179C;&#x17B6;&#x1791;&#x17C5;&#x179A;&#x17C0;&#x1793;&#x1799;&#x17BA;&#x178F;&#x179A;&#x17B6;&#x179B;&#x17CB;&#x1796;&#x17D2;&#x179A;&#x17B9;&#x1780;&#x178A;&#x17C4;&#x1799;&#x179F;&#x17B6;&#x179A;&#x178F;&#x17C2;&#x179C;&#x17B6;&#x178A;&#x17BE;&#x179A; &#x178A;&#x17BC;&#x1785;&#x17D2;&#x1793;&#x17C1;&#x17C7;&#x17A0;&#x17BE;&#x1799;&#x1791;&#x17BE;&#x1794;&#x179C;&#x17B6;&#x1785;&#x1784;&#x17CB;&#x1787;&#x17B7;&#x17C7;&#x1780;&#x1784;&#x17CB;&#x1791;&#x17C5;&#x179A;&#x17C0;&#x1793; &#x17D4;&#x200B;&#x200B;</subfield>
  </datafield>
  <datafield tag="520" ind1=" " ind2=" ">
    <subfield code="a">Baby rhino reached the age to start school. He was late every morning because he walked, so he wanted to ride a bicycle to school.</subfield>
  </datafield>
  <datafield tag="521" ind1="8" ind2=" ">
    <subfield code="a">400 
</subfield>
    <subfield code="b">Lexile estimate 
</subfield>
  </datafield>
  <datafield tag="521" ind1="8" ind2=" ">
    <subfield code="a">H 
</subfield>
    <subfield code="b">Raz-Plus 
</subfield>
  </datafield>
  <datafield tag="650" ind1=" " ind2=" ">
    <subfield code="a">&#x1780;&#x17BC;&#x1793;&#x179A;&#x1798;&#x17B6;&#x179F;&#x1785;&#x1784;&#x17CB;&#x1787;&#x17B8;&#x17C7;&#x1780;&#x1784;&#x17CB; </subfield>
    <subfield code="v">&#x179A;&#x17BF;&#x1784;&#x1793;&#x17B7;&#x1791;&#x17B6;&#x1793;&#x1780;&#x17BB;&#x1798;&#x17B6;&#x179A;&#x200B;</subfield>
  </datafield>
  <datafield tag="650" ind1=" " ind2=" ">
    <subfield code="a">Baby rhino wants to ride a bicycle </subfield>
    <subfield code="v">Children's Stories </subfield>
  </datafield>
  <datafield tag="700" ind1=" " ind2=" ">
    <subfield code="a">Keamesa, Ong</subfield>
    <subfield code="e">Illustrator </subfield>
  </datafield>
  <datafield tag="942" ind1=" " ind2=" ">
    <subfield code="2">ddc</subfield>
    <subfield code="c">KHB</subfield>
    <subfield code="n">0</subfield>
  </datafield>
  <datafield tag="999" ind1=" " ind2=" ">
    <subfield code="c">8837</subfield>
    <subfield code="d">8837</subfield>
  </datafield>
  <datafield tag="952" ind1=" " ind2=" ">
    <subfield code="0">0</subfield>
    <subfield code="1">0</subfield>
    <subfield code="2">ddc</subfield>
    <subfield code="4">0</subfield>
    <subfield code="7">0</subfield>
    <subfield code="8">KH</subfield>
    <subfield code="a">002</subfield>
    <subfield code="b">002</subfield>
    <subfield code="c">TTP Khmer</subfield>
    <subfield code="d">2025-10-22</subfield>
    <subfield code="l">0</subfield>
    <subfield code="o">BRU PZ7 895</subfield>
    <subfield code="p">2025-4705</subfield>
    <subfield code="r">2025-10-22 12:36:30</subfield>
    <subfield code="w">2025-10-22</subfield>
    <subfield code="y">KHB</subfield>
  </datafield>
</record>
